[Event "Paul Keres mem (23rd)"]
[Site "Vancouver CAN"]
[Date "1998.05.17"]
[Round "4"]
[White "Pechisker, Alfred"]
[Black "Holubowicz, Kazimiercz"]
[Result "1-0"]
[WhiteElo "2041"]
[BlackElo "1823"]
[PlyCount "77"]
[GameId "2160767911873149"]
[EventDate "1998.05.15"]
[EventType "swiss"]
[EventRounds "7"]
[EventCountry "CAN"]

1. d4 d5 2. c4 c6 3. Nc3 Nf6 4. Bg5 Ne4 5. Bh4 Nxc3 6. bxc3 Qa5 7. Qd2 dxc4 8. e4 b5 9. Nf3 f6 10. Be2 e6 11. O-O Bb7 12. Rfb1 Ba6 13. e5 f5 14. Ng5 Bc8 15. a4 Qb6 16. axb5 cxb5 17. Bxc4 Bd7 18. Qe2 Be7 19. Bxb5 Nc6 20. Bc4 Nxd4 21. cxd4 Qxd4 22. Nf3 Qc5 23. Bxe7 Qxe7 24. Rb7 O-O 25. Raxa7 Rxa7 26. Rxa7 Rb8 27. Qd3 Rd8 28. h3 g6 29. Qd6 Qe8 30. Ng5 Bc8 31. Bxe6+ Bxe6 32. Qxe6+ Qxe6 33. Nxe6 Rd1+ 34. Kh2 h6 35. Rg7+ Kh8 36. Rxg6 Kh7 37. Rf6 Rd7 38. Rxf5 Re7 39. Rf6 1-0

[Event "Paul Keres mem (23rd)"]
[Site "Vancouver CAN"]
[Date "1998.05.17"]
[Round "4"]
[White "Poitras, Luc"]
[Black "Chow, Vincent"]
[Result "1/2-1/2"]
[WhiteElo "2224"]
[BlackElo "2040"]
[PlyCount "95"]
[GameId "2160767911873150"]
[EventDate "1998.05.15"]
[EventType "swiss"]
[EventRounds "7"]
[EventCountry "CAN"]

1. e4 c6 2. d3 d5 3. Nd2 g6 4. Ngf3 Bg7 5. g3 Nf6 6. Bg2 O-O 7. O-O Re8 8. e5 Ng4 9. d4 c5 10. h3 Nh6 11. dxc5 Na6 12. Nb3 e6 13. g4 Kh8 14. Be3 Qc7 15. Qd2 Ng8 16. Nbd4 Nxc5 17. Nb5 Qe7 18. Bxc5 Qxc5 19. Nd6 Rf8 20. c4 Ne7 21. b4 Qc7 22. Rac1 Qd7 23. c5 b6 24. Rfe1 bxc5 25. Rxc5 Nc6 26. Nb5 Ba6 27. Nbd4 Nxd4 28. Nxd4 Rfc8 29. f4 Bf8 30. Rcc1 Rc4 31. Rxc4 Bxc4 32. a3 Qa4 33. Rc1 Rc8 34. Qb2 Kg8 35. f5 Bh6 36. Re1 Qd7 37. fxe6 fxe6 38. Bf1 Bxf1 39. Rxf1 Be3+ 40. Kh1 Rc4 41. Nb3 d4 42. Nc5 Qd5+ 43. Qg2 Qxg2+ 44. Kxg2 h5 45. Kf3 Bc1 46. Ke4 Bxa3 47. Nxe6 Bxb4 48. gxh5 1/2-1/2

[Event "Paul Keres mem (23rd)"]
[Site "Vancouver CAN"]
[Date "1998.05.17"]
[Round "4"]
[White "Spicer, Christopher"]
[Black "Martinson, Rick"]
[Result "1-0"]
[WhiteElo "2018"]
[BlackElo "1767"]
[PlyCount "71"]
[GameId "2160767911873151"]
[EventDate "1998.05.15"]
[EventType "swiss"]
[EventRounds "7"]
[EventCountry "CAN"]

1. d4 d5 2. c4 c6 3. cxd5 cxd5 4. Bf4 Nc6 5. e3 e6 6. Nc3 a6 7. Bd3 Nf6 8. Nge2 Bd6 9. Bg3 O-O 10. f3 b5 11. Bf2 Bb7 12. O-O Rc8 13. e4 e5 14. exd5 Nb4 15. Bf5 Rc4 16. b3 Rc7 17. Ne4 Nbxd5 18. Nxd6 Qxd6 19. Bh3 Re8 20. dxe5 Qxe5 21. Ng3 Nf4 22. Re1 Nxh3+ 23. gxh3 Qf4 24. Rxe8+ Nxe8 25. Qe2 Rc8 26. Re1 Bc6 27. Ne4 Nc7 28. Bg3 Qh6 29. Nd6 Rf8 30. Nf5 Qg5 31. Ne7+ Kh8 32. Nxc6 Qc5+ 33. Kg2 Qxc6 34. Qe7 Qc2+ 35. Re2 Re8 36. Qxe8+ 1-0

[Event "Paul Keres mem (23rd)"]
[Site "Vancouver CAN"]
[Date "1998.05.17"]
[Round "4"]
[White "Taylor, Nicholas"]
[Black "Castillo, Analito"]
[Result "1-0"]
[WhiteElo "1831"]
[BlackElo "1619"]
[PlyCount "63"]
[GameId "2160767911873152"]
[EventDate "1998.05.15"]
[EventType "swiss"]
[EventRounds "7"]
[EventCountry "CAN"]

1. e4 g6 2. d4 Bg7 3. Nc3 c5 4. Nf3 b6 5. d5 d6 6. h3 e5 7. dxe6 Bxe6 8. Bf4 Bxc3+ 9. bxc3 d5 10. Bb5+ Kf8 11. c4 a6 12. cxd5 Bxd5 13. Bc4 Ne7 14. Bxd5 Nxd5 15. c4 Kg7 16. Qxd5 Nd7 17. Rd1 Ra7 18. Ne5 Qf6 19. Nxd7 Qxf4 20. O-O Re8 21. Rfe1 Re7 22. Nxb6 Re5 23. Qd6 Rae7 24. Nd5 Qg5 25. Nxe7 Rxe7 26. e5 Re6 27. Qxc5 f6 28. exf6+ Qxf6 29. Rxe6 Qxe6 30. Qd4+ Kf8 31. Qd8+ Kg7 32. Qd7+ 1-0

[Event "Paul Keres mem (23rd)"]
[Site "Vancouver CAN"]
[Date "1998.05.17"]
[Round "4"]
[White "Wood, Richard"]
[Black "Plesset, Kiven"]
[Result "1-0"]
[WhiteElo "2327"]
[BlackElo "2050"]
[PlyCount "65"]
[GameId "2160767911873153"]
[EventDate "1998.05.15"]
[EventType "swiss"]
[EventRounds "7"]
[EventCountry "CAN"]

1. f4 d5 2. Nf3 c5 3. e3 Nc6 4. Bb5 e6 5. b3 Nge7 6. Bb2 a6 7. Be2 Ng6 8. O-O f6 9. Nc3 b5 10. Qe1 e5 11. Nh4 Nxh4 12. Qxh4 Be6 13. Bh5+ Bf7 14. Bxf7+ Kxf7 15. fxe5 Nxe5 16. Qh5+ Ke7 17. d4 g6 18. Qh4 g5 19. Qh5 cxd4 20. exd4 Ng6 21. Rae1+ Kd6 22. Nxd5 Kxd5 23. Qf3+ Kd6 24. Qb7 b4 25. Rxf6+ Qxf6 26. Qb6+ Kd7 27. Qxf6 Be7 28. Qe6+ Kc7 29. Qc4+ Kd7 30. Qd5+ Kc7 31. Re6 Ra7 32. Rxe7+ Nxe7 33. Qe5+ 1-0

[Event "Paul Keres mem (23rd)"]
[Site "Vancouver CAN"]
[Date "1998.05.17"]
[Round "4"]
[White "Wright, Stephen"]
[Black "Martinovsky, Ian"]
[Result "1-0"]
[WhiteElo "2239"]
[BlackElo "2107"]
[PlyCount "97"]
[GameId "2160767911873154"]
[EventDate "1998.05.15"]
[EventType "swiss"]
[EventRounds "7"]
[EventCountry "CAN"]

1. g3 e5 2. Bg2 d5 3. c4 dxc4 4. Na3 Bxa3 5. bxa3 c6 6. Qc2 Be6 7. Rb1 Qc7 8. Nf3 f6 9. O-O Ne7 10. a4 O-O 11. Ba3 Rd8 12. Nh4 g5 13. Bxe7 Qxe7 14. Nf5 Qd7 15. Be4 Na6 16. Ne3 Nc5 17. Bf5 Bxf5 18. Nxf5 Qe6 19. Ne3 Rd4 20. Rb4 Rad8 21. Rd1 b6 22. Rxc4 Rxc4 23. Nxc4 Rd4 24. Rc1 Nd7 25. d3 c5 26. Qb3 Qd5 27. Ne3 Qxb3 28. axb3 Kf8 29. Kg2 Nb8 30. a5 Nc6 31. axb6 axb6 32. Nc4 b5 33. Nd2 Rd5 34. Ne4 Nd4 35. Nxf6 Nxe2 36. Re1 Rxd3 37. Rxe2 Ke7 38. Ne4 c4 39. bxc4 bxc4 40. Rc2 Rd4 41. Nd2 c3 42. Nb1 Rb4 43. Nxc3 Rd4 44. Ne2 Rd5 45. Rc7+ Rd7 46. Rxd7+ Kxd7 47. Kf3 Ke6 48. Ke4 g4 49. Nc1 1-0

[Event "Paul Keres mem (23rd)"]
[Site "Vancouver CAN"]
[Date "1998.05.17"]
[Round "5"]
[White "Adam, Valerian"]
[Black "Ottosen, David"]
[Result "1-0"]
[WhiteElo "2310"]
[BlackElo "2191"]
[PlyCount "85"]
[GameId "2160767911873155"]
[EventDate "1998.05.15"]
[EventType "swiss"]
[EventRounds "7"]
[EventCountry "CAN"]

1. e4 c5 2. c4 Nc6 3. Nf3 e6 4. Nc3 a6 5. Be2 Be7 6. d4 cxd4 7. Nxd4 Qc7 8. Be3 Nf6 9. O-O O-O 10. Rc1 Nxd4 11. Bxd4 d6 12. Qd2 Bd7 13. Rfd1 Bc6 14. f3 e5 15. Be3 h6 16. b4 b6 17. Nd5 Bxd5 18. cxd5 Qb7 19. Rc6 b5 20. Rdc1 Rfc8 21. Bd1 Ne8 22. Qc3 Rxc6 23. dxc6 Qc7 24. Qd2 Rc8 25. Bb3 Bd8 26. a4 Qb8 27. a5 Bc7 28. Qd5 Nf6 29. Qxf7+ Kh7 30. Be6 Rf8 31. Bf5+ Kh8 32. Qg6 Qe8 33. Qxe8 Rxe8 34. Bb6 Re7 35. Bc8 d5 36. Bxa6 dxe4 37. fxe4 Nxe4 38. Bxb5 Nd6 39. Be2 Nc8 40. Bc5 Re6 41. Bg4 Re8 42. Bxc8 Rxc8 43. Bb6 1-0

[Event "Paul Keres mem (23rd)"]
[Site "Vancouver CAN"]
[Date "1998.05.17"]
[Round "5"]
[White "Hallam, John"]
[Black "Hempson, Peter"]
[Result "1-0"]
[WhiteElo "2219"]
[BlackElo "2254"]
[PlyCount "102"]
[GameId "2160767911873156"]
[EventDate "1998.05.15"]
[EventType "swiss"]
[EventRounds "7"]
[EventCountry "CAN"]

1. d4 e6 2. c4 f5 3. g3 Nf6 4. Bg2 c6 5. Nf3 d5 6. O-O Bd6 7. b3 Qe7 8. a4 O-O 9. Ba3 Bxa3 10. Nxa3 Nbd7 11. cxd5 exd5 12. Nc2 Ne4 13. e3 Ndf6 14. a5 a6 15. Nce1 Be6 16. Nd3 Bf7 17. Nfe5 Rac8 18. f3 Nd6 19. Qd2 Rc7 20. Rfe1 Nd7 21. Rac1 Nb5 22. Bf1 Bh5 23. Nxd7 Qxd7 24. Ne5 Qd6 25. Bxb5 axb5 26. Rc5 Ra8 27. Kg2 Re7 28. Rec1 Be8 29. b4 Bd7 30. h3 Be8 31. g4 Qf6 32. Re1 Bg6 33. Rcc1 Qd6 34. Ra1 Ra6 35. Rec1 Qe6 36. Kf2 Qf6 37. Kg3 h5 38. Rf1 fxg4 39. fxg4 h4+ 40. Kh2 Qd6 41. Rf4 Be4 42. Raf1 Ra8 43. g5 Rxe5 44. dxe5 Qxe5 45. Qd4 Qc7 46. Kg1 g6 47. Qf6 Bf5 48. R1f3 Rf8 49. Qd4 Qe7 50. Rxh4 Qxg5+ 51. Kh2 Qf6 1-0

[Event "Paul Keres mem (23rd)"]
[Site "Vancouver CAN"]
[Date "1998.05.17"]
[Round "5"]
[White "Neufahrt, Gerhard"]
[Black "Neufeld, John"]
[Result "1-0"]
[WhiteElo "2129"]
[BlackElo "1977"]
[PlyCount "75"]
[GameId "2160767911873157"]
[EventDate "1998.05.15"]
[EventType "swiss"]
[EventRounds "7"]
[EventCountry "CAN"]

1. d4 Nf6 2. Nf3 g6 3. Bf4 Bg7 4. Nbd2 O-O 5. e4 d6 6. c3 Nbd7 7. Bc4 Nb6 8. Bb3 Bd7 9. Qe2 d5 10. e5 Ne8 11. h4 h5 12. Bc2 Qc8 13. Nf1 Bf5 14. Ng3 Bxc2 15. Qxc2 f5 16. Ng5 e6 17. Qe2 Bh6 18. Nxh5 Bxg5 19. hxg5 Kf7 20. Nf6 Ng7 21. O-O-O Nd7 22. Rh7 Rh8 23. Rdh1 Rxh7 24. Rxh7 Nf8 25. Rh8 c6 26. Qe3 Qc7 27. Qh3 c5 28. Qh6 cxd4 29. Rg8 Nh5 30. Rxf8+ Rxf8 31. Nxh5 Qc4 32. Qg7+ Ke8 33. Nf6+ Rxf6 34. exf6 Qf1+ 35. Kc2 Qe2+ 36. Bd2 d3+ 37. Kb3 Qd1+ 38. Ka3 1-0

[Event "Paul Keres mem (23rd)"]
[Site "Vancouver CAN"]
[Date "1998.05.17"]
[Round "5"]
[White "Pechisker, Alfred"]
[Black "Booker, Brad"]
[Result "1-0"]
[WhiteElo "2041"]
[BlackElo "2187"]
[PlyCount "45"]
[GameId "2160767911873158"]
[EventDate "1998.05.15"]
[EventType "swiss"]
[EventRounds "7"]
[EventCountry "CAN"]

1. d4 Nf6 2. c4 e6 3. Nc3 Be7 4. e4 d6 5. Nf3 O-O 6. Bd3 c5 7. dxc5 dxc5 8. e5 Nfd7 9. h4 h6 10. Qe2 Re8 11. Ng5 Nc6 12. Bf4 Nf8 13. Rd1 Bd7 14. Qh5 Ng6 15. Bxg6 fxg6 16. Qxg6 hxg5 17. hxg5 Bxg5 18. Bxg5 Ne7 19. Qh7+ Kf7 20. Ne4 Rg8 21. Nd6+ Kf8 22. Rh6 Be8 23. Rf6+ 1-0

[Event "Paul Keres mem (23rd)"]
[Site "Vancouver CAN"]
[Date "1998.05.17"]
[Round "5"]
[White "Skulsky, Ian"]
[Black "Ljubisavljevic, Zivojin"]
[Result "0-1"]
[WhiteElo "2192"]
[BlackElo "2496"]
[PlyCount "54"]
[GameId "2160767911873159"]
[EventDate "1998.05.15"]
[EventType "swiss"]
[EventRounds "7"]
[EventCountry "CAN"]

1. b4 e5 2. a3 d6 3. Bb2 f5 4. e3 Nf6 5. c4 Be7 6. Nf3 O-O 7. Be2 Nbd7 8. d4 e4 9. Ng5 Nb8 10. d5 h6 11. Nh3 Kh7 12. Nc3 a5 13. Nf4 g5 14. Nh5 Nxh5 15. Bxh5 Nd7 16. Be2 Ne5 17. O-O Bf6 18. Qc2 g4 19. c5 Bd7 20. Qd2 Qe8 21. Kh1 Qh5 22. Nb5 Nf3 23. gxf3 gxf3 24. Nd4 fxe2 25. Nxe2 Qf3+ 26. Kg1 f4 27. exf4 Bh3 0-1

[Event "Paul Keres mem (23rd)"]
[Site "Vancouver CAN"]
[Date "1998.05.17"]
[Round "5"]
[White "Ward, Roderick"]
[Black "Keshet, Joshua"]
[Result "1/2-1/2"]
[WhiteElo "2063"]
[BlackElo "1835"]
[PlyCount "53"]
[GameId "2160767911873160"]
[EventDate "1998.05.15"]
[EventType "swiss"]
[EventRounds "7"]
[EventCountry "CAN"]

1. e4 e6 2. d4 d5 3. e5 c5 4. c3 Nc6 5. Be3 c4 6. f4 Nge7 7. Nf3 Nf5 8. Qd2 Be7 9. Be2 b5 10. O-O b4 11. Bf2 h5 12. Qd1 Bd7 13. Nbd2 a5 14. Ne1 g6 15. Nc2 Rb8 16. Rb1 Na7 17. Ne3 Nxe3 18. Bxe3 Nb5 19. Qc1 bxc3 20. bxc3 Na3 21. Rxb8 Qxb8 22. Nb1 Nxb1 23. Qxb1 O-O 24. Qc2 Qc7 25. Rb1 Rb8 26. Bc1 Rb6 27. Kf2 1/2-1/2

[Event "Paul Keres mem (23rd)"]
[Site "Vancouver CAN"]
[Date "1998.05.17"]
[Round "5"]
[White "Wood, Richard"]
[Black "Cabanas, Francisco"]
[Result "1-0"]
[WhiteElo "2327"]
[BlackElo "2051"]
[PlyCount "45"]
[GameId "2160767911873161"]
[EventDate "1998.05.15"]
[EventType "swiss"]
[EventRounds "7"]
[EventCountry "CAN"]

1. f4 d5 2. Nf3 Nf6 3. e3 Bf5 4. Be2 a6 5. O-O e6 6. c4 c6 7. cxd5 exd5 8. Nc3 Nbd7 9. b3 Bd6 10. Bb2 Qc7 11. Rc1 g6 12. Qe1 O-O-O 13. Na4 g5 14. Nd4 Be4 15. Bxa6 gxf4 16. Rxc6 Rdg8 17. Rxc7+ Bxc7 18. Nf3 bxa6 19. Qe2 Kb7 20. Bxf6 Nxf6 21. Nc5+ Kc8 22. Qxa6+ Kd8 23. Qxf6+ 1-0

[Event "Paul Keres mem (23rd)"]
[Site "Vancouver CAN"]
[Date "1998.05.17"]
[Round "5"]
[White "Wright, Stephen"]
[Black "Milicevic, Dragoljub"]
[Result "1-0"]
[WhiteElo "2239"]
[BlackElo "2345"]
[PlyCount "123"]
[GameId "2160767911873162"]
[EventDate "1998.05.15"]
[EventType "swiss"]
[EventRounds "7"]
[EventCountry "CAN"]

1. g3 f5 2. d4 g6 3. Bg2 Nf6 4. Nh3 Bg7 5. Nf4 d6 6. Nc3 Nc6 7. d5 Ne5 8. h4 h6 9. e4 c6 10. O-O O-O 11. exf5 Bxf5 12. Ne6 Bxe6 13. dxe6 d5 14. Bf4 Nh5 15. Bxe5 Bxe5 16. Qd3 Kg7 17. Rae1 Bc7 18. Bf3 Nf6 19. Kg2 h5 20. Ne2 Ng8 21. c4 dxc4 22. Qxc4 Rf6 23. Nc3 Qf8 24. Bd1 Rd8 25. Bc2 Bb6 26. Ne4 Rf5 27. Qe2 Rfd5 28. Rd1 Nh6 29. Bb3 Rd4 30. Rxd4 Rxd4 31. Rd1 Rxe4 32. Qxe4 Qxf2+ 33. Kh3 Bc7 34. Qd4+ Qxd4 35. Rxd4 Be5 36. Rd7 Kf6 37. Rxb7 Bxb2 38. Rxa7 Be5 39. Ra8 c5 40. Rf8+ Kg7 41. Rc8 Bd4 42. a4 Nf5 43. a5 Nd6 44. Rc7 Kf6 45. a6 c4 46. Bxc4 Bb6 47. Rc6 Ba7 48. Ba2 Bd4 49. Rc7 Nb5 50. Rd7 Be3 51. Kg2 Na7 52. Kf3 Bg1 53. Ke4 Nc6 54. Rc7 Na7 55. Rc1 Bb6 56. Rf1+ Kg7 57. Rf7+ Kg8 58. Rxe7 Nb5 59. Rb7 Nd6+ 60. Ke5 Nxb7 61. e7+ Kg7 62. axb7 1-0

[Event "Paul Keres mem (23rd)"]
[Site "Vancouver CAN"]
[Date "1998.05.18"]
[Round "6"]
[White "Berg, Michael"]
[Black "Martinson, Rick"]
[Result "0-1"]
[WhiteElo "1550"]
[BlackElo "1767"]
[PlyCount "100"]
[GameId "2160767911873163"]
[EventDate "1998.05.15"]
[EventType "swiss"]
[EventRounds "7"]
[EventCountry "CAN"]

1. Nf3 c5 2. c4 g6 3. d4 cxd4 4. Nxd4 Bg7 5. e4 d6 6. Nc3 Nc6 7. Be3 Bd7 8. Be2 Nf6 9. O-O O-O 10. f4 Rc8 11. Rb1 a6 12. Bf3 Nxd4 13. Bxd4 b5 14. cxb5 axb5 15. Nd5 e6 16. Bb6 Qe8 17. Nxf6+ Bxf6 18. Qxd6 Rc6 19. Qd3 Rxb6 20. e5 Be7 21. b4 Bc6 22. a3 Qd7 23. Qe3 Rbb8 24. Rbd1 Qb7 25. Rd3 Rbd8 26. Bxc6 Rxd3 27. Qxd3 Qxc6 28. Qe3 Bd8 29. Qc1 Bb6+ 30. Kh1 Qxc1 31. Rxc1 Be3 32. Rf1 Rd8 33. h3 Rd3 34. Rf3 Rxa3 35. Kh2 Bc1 36. Rf1 Bd2 37. g3 Ra4 38. h4 Rxb4 39. h5 Kg7 40. Kh3 Re4 41. Kh4 h6 42. hxg6 fxg6 43. Kg4 b4 44. Rd1 Rd4 45. Kf3 Bc3 46. Rc1 Rd3+ 47. Ke2 Rxg3 48. Rb1 h5 49. Rd1 Rg2+ 50. Kf3 Rd2 0-1

[Event "Paul Keres mem (23rd)"]
[Site "Vancouver CAN"]
[Date "1998.05.18"]
[Round "6"]
[White "Cabanas, Francisco"]
[Black "Neufahrt, Gerhard"]
[Result "1-0"]
[WhiteElo "2051"]
[BlackElo "2129"]
[PlyCount "81"]
[GameId "2160767911873164"]
[EventDate "1998.05.15"]
[EventType "swiss"]
[EventRounds "7"]
[EventCountry "CAN"]

1. d4 g6 2. Nf3 Bg7 3. c3 d6 4. Bf4 Nd7 5. d5 Ngf6 6. e3 Nb6 7. c4 Nh5 8. Nc3 Nxf4 9. exf4 O-O 10. Rc1 Re8 11. Be2 Nd7 12. b4 a5 13. a3 e6 14. dxe6 Rxe6 15. O-O axb4 16. axb4 Re8 17. Bd3 Nf6 18. Qc2 Bg4 19. Ng5 Nh5 20. g3 Bxc3 21. Qxc3 Be2 22. Rfe1 Bxd3 23. Qxd3 h6 24. Nf3 Qf6 25. Qd4 Qxd4 26. Nxd4 c6 27. b5 c5 28. Nc2 Nf6 29. Ne3 Ra2 30. Ra1 Rea8 31. Rxa2 Rxa2 32. Kf1 Kf8 33. Re2 Rxe2 34. Kxe2 Ke7 35. g4 h5 36. g5 Nd7 37. f5 gxf5 38. Nxf5+ Ke6 39. Ng7+ Ke5 40. Ke3 h4 41. f4# 1-0

[Event "Paul Keres mem (23rd)"]
[Site "Vancouver CAN"]
[Date "1998.05.18"]
[Round "6"]
[White "Castillo, Analito"]
[Black "Harris, Philip"]
[Result "0-1"]
[WhiteElo "1619"]
[BlackElo "2004"]
[PlyCount "54"]
[GameId "2160767911873165"]
[EventDate "1998.05.15"]
[EventType "swiss"]
[EventRounds "7"]
[EventCountry "CAN"]

1. d4 Nf6 2. e3 e6 3. f4 b6 4. Nf3 Be7 5. Bd3 Bb7 6. O-O c5 7. c3 d5 8. Nbd2 Nbd7 9. Ne5 O-O 10. Rf3 Re8 11. Rh3 Nf8 12. Qc2 Qc7 13. Bb5 Red8 14. Ndf3 Ne4 15. Bd3 Rac8 16. Bxe4 dxe4 17. Nd2 cxd4 18. Nxe4 d3 19. Qa4 Bxe4 20. Qxe4 d2 21. Bxd2 Rxd2 22. Rf1 Bd6 23. Ng4 f5 24. Nh6+ gxh6 25. Rg3+ Kh8 26. Qa4 Ng6 27. Qb3 Qc4 0-1

[Event "Paul Keres mem (23rd)"]
[Site "Vancouver CAN"]
[Date "1998.05.18"]
[Round "6"]
[White "Chapman, Erik"]
[Black "Wong, Samuel"]
[Result "0-1"]
[WhiteElo "2016"]
[BlackElo "1926"]
[PlyCount "133"]
[GameId "2160767911873166"]
[EventDate "1998.05.15"]
[EventType "swiss"]
[EventRounds "7"]
[EventCountry "CAN"]

1. f4 d5 2. Nf3 Nf6 3. e3 c5 4. b3 Nc6 5. Bb5 Bd7 6. Bb2 e6 7. O-O a6 8. Bxc6 Bxc6 9. Ne5 Qc7 10. d3 Bd6 11. Nd2 O-O-O 12. Nxc6 Qxc6 13. d4 cxd4 14. Bxd4 Bc5 15. Nf3 Qb6 16. a4 Bxd4 17. exd4 Rd7 18. c4 Rc7 19. c5 Qc6 20. Ne5 Qe8 21. b4 Nd7 22. Nxd7 Qxd7 23. b5 axb5 24. axb5 Kd8 25. c6 Qc8 26. cxb7 Qxb7 27. Qb3 Qb6 28. Ra8+ Rc8 29. Rxc8+ Kxc8 30. Qb4 Kd7 31. Rc1 Rd8 32. Rc6 Qb8 33. g3 Rc8 34. Rxc8 Qxc8 35. Qc5 Qxc5 36. dxc5 f6 37. Kf2 e5 38. Ke3 d4+ 39. Ke4 g5 40. f5 h6 41. g4 Kc7 42. Kd3 Kd7 43. Kc4 Kc7 44. b6+ Kb7 45. Kb5 d3 46. c6+ Kb8 47. Ka6 d2 48. c7+ Kc8 49. Ka7 d1=Q 50. b7+ Kxc7 51. b8=Q+ Kd7 52. Qb7+ Ke8 53. Qg2 Qd4+ 54. Ka6 e4 55. Qa2 e3 56. Qg8+ Kd7 57. Qh7+ Kc6 58. Qb7+ Kc5 59. Qb5+ Kd6 60. Qb8+ Kd5 61. Qg8+ Ke4 62. Qa8+ Kd3 63. Qf8 Kd2 64. Qg8 e2 65. Qa2+ Ke1 66. Qb3 Qe5 67. Qb6 0-1

[Event "Paul Keres mem (23rd)"]
[Site "Vancouver CAN"]
[Date "1998.05.18"]
[Round "6"]
[White "Hempson, Peter"]
[Black "McLaren, Sean"]
[Result "1-0"]
[WhiteElo "2254"]
[BlackElo "1904"]
[PlyCount "75"]
[GameId "2160767911873167"]
[EventDate "1998.05.15"]
[EventType "swiss"]
[EventRounds "7"]
[EventCountry "CAN"]

1. c4 Nf6 2. Nc3 c5 3. Nf3 Nc6 4. d4 cxd4 5. Nxd4 g6 6. e4 d6 7. Be2 Nxd4 8. Qxd4 Bg7 9. Be3 O-O 10. Qd2 Be6 11. Rc1 Rc8 12. b3 a6 13. O-O Qe8 14. f4 Qc6 15. Bf3 Qc7 16. h3 Qb8 17. g4 Kh8 18. f5 Bd7 19. g5 Ng8 20. Bg4 gxf5 21. exf5 Be5 22. Bd4 f6 23. Bxe5 fxe5 24. Nd5 Qa7+ 25. Qf2 Qxf2+ 26. Rxf2 Rcd8 27. Kf1 Kg7 28. Ke2 h5 29. f6+ exf6 30. Bxd7 Rxd7 31. gxf6+ Kf7 32. Rg1 Ke6 33. Rg5 Nxf6 34. Rxh5 Nxh5 35. Rxf8 Rh7 36. Kf3 Kd7 37. Rf5 Kc6 38. Kg4 1-0

[Event "Paul Keres mem (23rd)"]
[Site "Vancouver CAN"]
[Date "1998.05.18"]
[Round "6"]
[White "Keshet, Joshua"]
[Black "Kuczaj, Chris"]
[Result "0-1"]
[WhiteElo "1835"]
[BlackElo "2108"]
[PlyCount "108"]
[GameId "2160767911873168"]
[EventDate "1998.05.15"]
[EventType "swiss"]
[EventRounds "7"]
[EventCountry "CAN"]

1. e4 c6 2. f4 d5 3. e5 Bf5 4. Nf3 e6 5. d4 c5 6. c3 Nc6 7. a3 a5 8. Be3 Qb6 9. b3 Rc8 10. Bd3 Bxd3 11. Qxd3 Qxb3 12. O-O c4 13. Qe2 Nh6 14. Ra2 Qb6 15. Nbd2 a4 16. Rb1 Qc7 17. Kh1 Na5 18. Ne1 Nb3 19. Nc2 Qa5 20. Nb4 Nf5 21. Bf2 h5 22. Nf3 h4 23. Ng5 Be7 24. Qg4 Qd8 25. Re2 Bxg5 26. fxg5 g6 27. Be1 Rh5 28. Bd2 Nxd2 29. Rxd2 Rxg5 30. Qd1 b5 31. Na6 Qa5 32. Nc5 Qxc3 33. Rxb5 Ne3 34. Qxa4 Qc1+ 35. Rd1 Qxd1+ 36. Qxd1 Nxd1 37. Nb7 Kf8 38. Nd6 Kg7 39. Nxc8 Rf5 40. g3 h3 41. Kg1 Ne3 42. Rb1 c3 43. Nd6 Rf3 44. Ne8+ Kh6 45. Nf6 c2 46. Rc1 Rf1+ 47. Rxf1 Nxf1 48. Kxf1 c1=Q+ 49. Ke2 Qxa3 50. Ng4+ Kg7 51. Nf2 Qb2+ 52. Kf3 Qxd4 53. Nxh3 Qxe5 54. Nf4 Qxf4+ 0-1

[Event "Paul Keres mem (23rd)"]
[Site "Vancouver CAN"]
[Date "1998.05.18"]
[Round "6"]
[White "Kostadinov, George"]
[Black "Ward, Roderick"]
[Result "0-1"]
[WhiteElo "2297"]
[BlackElo "2063"]
[PlyCount "90"]
[GameId "2160767911873169"]
[EventDate "1998.05.15"]
[EventType "swiss"]
[EventRounds "7"]
[EventCountry "CAN"]

1. d4 d5 2. c4 Nc6 3. e3 Nf6 4. Nc3 e6 5. Nf3 Bb4 6. Bd3 O-O 7. O-O Re8 8. Qc2 dxc4 9. Bxc4 Bxc3 10. Qxc3 Qe7 11. Rd1 e5 12. d5 e4 13. dxc6 exf3 14. gxf3 Ne4 15. fxe4 Bh3 16. f4 Qh4 17. Bf1 Qg4+ 18. Kf2 Qh4+ 19. Ke2 Bg4+ 20. Kd2 Qf2+ 21. Kd3 Rad8+ 22. Kc4 Bxd1 23. Bd3 Rxd3 24. Kxd3 Qe2+ 25. Kd4 Rd8+ 26. Kc5 b6+ 27. Kb4 a5+ 28. Ka3 Rd3 29. Rb1 Rxc3+ 30. bxc3 Qc4 31. Kb2 Qxc6 32. Ka1 Qxc3+ 33. Bb2 Qd3 34. Rc1 Qd7 35. e5 Bf3 36. Rg1 g6 37. h4 h5 38. Rf1 Be4 39. Rc1 c6 40. Rg1 Bf5 41. Re1 Be4 42. Bd4 c5 43. e6 fxe6 44. Be5 Kf7 45. Rf1 Qd2 0-1

[Event "Paul Keres mem (23rd)"]
[Site "Vancouver CAN"]
[Date "1998.05.18"]
[Round "6"]
[White "Long, Hugh"]
[Black "Monteith, Donald"]
[Result "1-0"]
[WhiteElo "1737"]
[BlackElo "1890"]
[PlyCount "58"]
[GameId "2160767911873170"]
[EventDate "1998.05.15"]
[EventType "swiss"]
[EventRounds "7"]
[EventCountry "CAN"]

1. e4 e6 2. d4 d5 3. Nd2 Nf6 4. e5 Nfd7 5. f4 c5 6. c3 Nc6 7. Ngf3 Qb6 8. Nb3 c4 9. Nbd2 Qc7 10. Be2 b5 11. O-O Nb6 12. b3 Bd7 13. Ng5 f6 14. exf6 gxf6 15. Bh5+ Ke7 16. Nf7 Be8 17. Nxh8 Bg7 18. Ba3+ b4 19. cxb4 Nxd4 20. b5+ Kd7 21. Bxe8+ Rxe8 22. Nf7 Nxb5 23. Bb4 Kc8 24. a4 Qxf7 25. axb5 f5 26. Rc1 Bd4+ 27. Kh1 Be3 28. bxc4 dxc4 29. Nxc4 Bxc1 1-0

[Event "Paul Keres mem (23rd)"]
[Site "Vancouver CAN"]
[Date "1998.05.18"]
[Round "6"]
[White "Milat, Marcel"]
[Black "Wright, Stephen"]
[Result "0-1"]
[WhiteElo "2346"]
[BlackElo "2239"]
[PlyCount "90"]
[GameId "2160767911873171"]
[EventDate "1998.05.15"]
[EventType "swiss"]
[EventRounds "7"]
[EventCountry "CAN"]

1. e4 Nf6 2. e5 Nd5 3. d4 d6 4. c4 Nb6 5. exd6 cxd6 6. Nc3 g6 7. Be3 Bg7 8. Rc1 O-O 9. b3 f5 10. Nh3 e5 11. dxe5 dxe5 12. Qxd8 Rxd8 13. c5 N6d7 14. Bc4+ Kf8 15. Ng5 Nf6 16. Nb5 Na6 17. Nf7 Re8 18. Nbd6 Re7 19. Nxc8 Rxc8 20. Nd6 Rxc5 21. Bxc5 Nxc5 22. b4 Bh6 23. Rc2 Nce4 24. Nxe4 Nxe4 25. Bb3 Nd6 26. a4 e4 27. Ke2 e3 28. Rd1 exf2+ 29. Kxf2 Ne4+ 30. Kf1 Bf4 31. Rd8+ Kg7 32. g3 Be5 33. Rcc8 Bc3 34. b5 Ba5 35. Rg8+ Kf6 36. Rcf8+ Kg5 37. Bd1 Nxg3+ 38. hxg3 Re1+ 39. Kg2 Rxd1 40. Rf7 Kg4 41. Rxh7 Rd2+ 42. Kf1 Kf3 43. Kg1 Bb6+ 44. Kh1 Rd1+ 45. Kh2 Bg1+ 0-1

[Event "Paul Keres mem (23rd)"]
[Site "Vancouver CAN"]
[Date "1998.05.18"]
[Round "6"]
[White "Milicevic, Dragoljub"]
[Black "Ottosen, David"]
[Result "1-0"]
[WhiteElo "2345"]
[BlackElo "2191"]
[PlyCount "77"]
[GameId "2160767911873172"]
[EventDate "1998.05.15"]
[EventType "swiss"]
[EventRounds "7"]
[EventCountry "CAN"]

1. Nf3 d5 2. g3 c6 3. Bg2 Nf6 4. O-O e6 5. d4 Nbd7 6. b3 Be7 7. Bb2 O-O 8. Nbd2 b6 9. c4 Bb7 10. Ne5 c5 11. e3 Rc8 12. f4 Qc7 13. Rc1 dxc4 14. bxc4 Bxg2 15. Kxg2 Qb7+ 16. Qf3 Qxf3+ 17. Kxf3 Nxe5+ 18. dxe5 Nd7 19. Rfd1 Nb8 20. Ne4 Rfd8 21. g4 Nc6 22. Bc3 Nb4 23. Bxb4 cxb4 24. Rd4 Bc5 25. Rdd1 Be7 26. f5 a5 27. Rd4 Bc5 28. Nxc5 Rxd4 29. exd4 bxc5 30. Ke4 Kf8 31. dxc5 Ke7 32. c6 Rxc6 33. c5 f6 34. exf6+ gxf6 35. Kd4 Kd7 36. Kc4 Kc7 37. Kb5 Kb7 38. h4 e5 39. g5 1-0